| 000 | 01690nam a22002777a 4500 | ||
|---|---|---|---|
| 005 | 20161026085951.0 | ||
| 008 | 130821s1853 ck a fr 0 spa d | ||
| 040 |
_aCo-BoUCM _bspa _cSandra Yazo _dSandra Yazo |
||
| 041 | 0 | _aspa | |
| 082 | 0 | 4 |
_a918.6 _220 |
| 092 | _aE05N017 | ||
| 100 | 1 |
_aAncízar, Manuel _d1812-1882 _971979 |
|
| 242 |
_aPeregrinación de Alpha por las provincias del norte de la Nueva Granada en 1850 y 51 _yspa |
||
| 245 | 1 | 0 |
_aPeregrinación de Alpha por las provincias del norte de la Nueva Granada en 1850 i 51 _cM. Ancízar |
| 260 |
_aBogotá (Colombia) _bImprenta de Echeverría hermanos _c1853 |
||
| 300 |
_a524 páginas _bretrato ; tablas _c17 x 12 cm. |
||
| 500 | _aDetalles físicos: Encuadernación rígida (holandesa). Tapas en cartón forrado en papel, lomo de cuero con adornos en dorado. Guardas. Hojas de cortesías. Anteportada con firma de Liborio Zerda. Grabado del autor. Portada impresa en una sola tinta. Texto en una columna con varios tipos y tamaños de letra, algunas notas al pie de página. Tabla en pág. 77 y última. Papel muy manchado. Tapas con raspaduras, bordes deteriorados y residuos de cinta pegante | ||
| 506 | _aConsulta en sala | ||
| 650 | 7 |
_aGeografía de Colombia _916341 _xDescripciones y viajes |
|
| 651 | 4 |
_aColombia _xDescripciones y viajes _978436 |
|
| 651 | 4 |
_aColombia _xHistoria _926606 _y1850-1851 |
|
| 690 |
_aGeografía de Colombia _916341 |
||
| 856 | 4 | 1 |
_zDisponible en línea _uhttp://www.lablaa.org/blaavirtual/historia/perealpha/indice.htm |
| 856 | 4 | 1 |
_zDisponible en línea _uhttp://books.google.com.co/books?id=jJ0-AAAAYAAJ&printsec=frontcover&source=gbs_atb |
| 942 |
_cLIBRO _a2 _e1 _2LOCAL _hE05N017 |
||
| 999 |
_c69568 _d69568 |
||